Monuments célèbres par pays - Statistiques

Statistiques générales
  • Ce quiz a été pris 396 fois
  • Le résultat moyen est 11 sur 16
Statistiques - réponses
Par images Réponse % Correct
Brésil
100%
Inde
96%
Etats-unis
95%
Royaume-uni
94%
Russie
92%
France
91%
Pérou
91%
Japon
87%
Belgique
83%
Turquie
68%
Australie
67%
Egypte
48%
Portugal
46%
Corée du nord
27%
Norvège
20%
Afrique du sud
10%
Aucun quiz correspondant
Distribution des résultats
% des personnes avec chaque résultat
Percentile par nombre de réponses
Votre historique - résultats
Vous n’avez pas pris ce quiz